000 00296 a2200121 4500
001 153912
040 _cEscola São Tomás de Aquino
240 1 0 _aO flautista de Hamelin
_lpor
245 1 0 _aO flautista de Hamelin
440 1 _aEditora do Brasil
697 _a*LITERATURA INFANTIL
942 _cBK
999 _c153912
_d153912